000
00331nam a2200145Ia 4500
100
_a
Rao/Chandrasekhara K
650
_a
Discrete Mathematics
942
_c
BK
366
_f
20
245
_a
Discrete Mathematics
260
_b
Narosa Publication House
_c
2012
082
_a
510
_b
RAO
546
_a
ENGLISH
_c
production
999
_c
26505
_d
26505